| 000 | 00532nam a22002057a 4500 | ||
|---|---|---|---|
| 003 | OSt | ||
| 005 | 20140310184250.0 | ||
| 008 | 121109t xxu||||| |||| 00| 0 eng d | ||
| 020 | _a0590438743 | ||
| 050 |
_aPZ 8.3 _b.Se4688 1990 |
||
| 100 |
_aSerfozo, Mary _922787 |
||
| 245 |
_aWho Said Red? _cMary Serfozo. |
||
| 260 |
_aNew York : _bScholastic Inc., _c1990. |
||
| 300 |
_g20 cm. _a30 p. : _bcol. ill. ; |
||
| 521 | _aG1 | ||
| 526 | _c120 | ||
| 650 |
_aFiciton _xJuvenile _930173 |
||
| 942 |
_2lcc _cBK-SCHOLAS |
||
| 999 |
_c33364 _d33364 |
||